000 00295nam a2200097Ia 4500
005 20251222114359.0
008 251222s1900||||xx |||||||||||||| ||spa||
082 _aDVD0099/S83/2005
245 0 _aLa odisea de Jacques Cousteau: las reliquias pérdidas del mar y el mar de sangre caliente
942 _cDVD
999 _c1563
_d1563